| 000 | 00533nam a22001817a 4500 | ||
|---|---|---|---|
| 005 | 20251108165543.0 | ||
| 008 | 250721s1965 xx 000 0 ara d | ||
| 082 | 1 | 4 | _aم/330.03/حسي |
| 100 | 1 | _aعمر، حسين | |
| 245 | 1 | 0 | _aموسوعة المصطلحات الإقتصادية / |
| 264 | 1 |
_aالقاهره : _bمكتبة القاهره الحديثة، _c1965. |
|
| 300 | _a294ص | ||
| 650 | 1 | 7 | _aالإقتصاد |
| 650 | 1 | 7 | _aعلم المعاجم |
| 650 | 1 | 7 | _aالقواميس |
| 942 |
_2ddc _cREF |
||
| 999 |
_c30619 _d30619 |
||